the vampire diaris - Statistiken

Allgemein
  • Dieses Quiz wurde 1.954 mal gespielt
  • Das Durchschnittsergebnis liegt bei 12 aus 15
Antwortstatistiken
Hint Antwort % Korrekt
wie heißt Klaus Schwester? Rebekah Mikaelson
94%
was ist Bonnie Eine Hexe
92%
wie heißen Elenas leibliche Eltern John Gilbert und Isobel Flemming
91%
mit wem war Elena vor Stefan zusammen? Matt Donovan
91%
von welcher Brücke stürzte der Wagen ihrer Eltern? wigory bridge
91%
wozu macht Klaus Tyler? Zu einem Hybriden
91%
was sagen Stefan und Damon wenn man sie fragt, woher der ring ist? Es ist ein Familienerbstück
89%
wie heißt der Schauspieler von Damon Salvatore Ian Sommerhalder
89%
Wo arbeitet Matt und Vicky Im mystic Grill
89%
was war Enzo? Der Augustin Vampir
84%
wen verführte Kathrine als sie sich für Elena ausgab Damon Salvator
82%
In welchem Ort handelt die Serie Mystic falls
81%
wie heißt Elenas Doppelgänger? Kathrine Pierce
76%
wer machte caroline zum Vampir Kathrine
54%
wie heißt die Person die Damon und Enzo benutzt sybil
51%
Keine übereinstimmenden Quizze gefunden
Verteilung der Resultate
Anzahl Personen mit jedem Resultat
Perzentil nach korrekt beantworteten Fragen
Ihre Resultats-Entwicklung
Sie haben dieses Quiz noch nicht gespielt